Mies van der Rohe (Record no. 276386)

MARC details
000 -LEADER
fixed length control field 00461nam a2200181Ia 4500
008 - FIXED-LENGTH DATA ELEMENTS--GENERAL INFORMATION
fixed length control field 191130s2006##################000#0#eng##
020 ## - INTERNATIONAL STANDARD BOOK NUMBER
ISBN 9783822836439
082 ## - DEWEY DECIMAL CLASSIFICATION NUMBER
Classification number 720 ZIM
100 ## - MAIN ENTRY--AUTHOR NAME
Personal name Zimmerman, Claire
245 ## - TITLE STATEMENT
Title Mies van der Rohe
Statement of responsibility, etc Claire Zimmerman
260 ## - PUBLICATION, DISTRIBUTION, ETC. (IMPRINT)
Place of publication Köln
Name of publisher TASCHEN
Year of publication c2006
300 ## - PHYSICAL DESCRIPTION
Number of Pages 96 p. : col. ill
650 ## - SUBJECT ADDED ENTRY--TOPICAL TERM
Topical Term Art
991 ## -
-- 301852
Holdings
Withdrawn status Lost status Damaged status Not for loan Home library Current library Shelving location Date acquired Full call number Accession Number Price effective from Koha item type
        Anna Centenary Library Anna Centenary Library 6TH FLOOR, B WING 15.10.2020 720 ZIM 389718 15.10.2020 English Books

Find us on the map